[Event "DVM U14 2023"]
[Site "Magdeburg GER"]
[Date "2023.12.27"]
[Round "1"]
[White "Sauer, Tim"]
[Black "Meng, Yuxuan"]
[Result "1-0"]
[Termination "normal"]
[Board "8.1"]
[WhiteElo "2155"]
[BlackElo "1749"]
[WhiteClock "00:24:35"]
[BlackClock "00:12:08"]
[WhiteTeam "Schachzentrum Bemerode"]
[BlackTeam "SC Viernheim 1934"]
[PlyCount "103"]
[WhiteFideId "16265726"]
[BlackFideId "16258231"]
[EventCountry "GER"]
[EventRounds "7"]
[EventType "team-swiss"]
[EventDate "2023.12.26"]

1. d4 {[%clk 01:30:57]} {[%emt 00:00:03]} d5 {[%clk 01:30:51]} {[%emt
00:00:09]} 2. Nf3 {[%clk 01:31:21]} {[%emt 00:00:06]} Nf6 {[%clk 01:30:38]}
{[%emt 00:00:43]} 3. c4 {[%clk 01:31:29]} {[%emt 00:00:21]} e6 {[%clk
01:30:52]} {[%emt 00:00:19]} 4. g3 {[%clk 01:31:42]} {[%emt 00:00:15]} Bb4+
{[%clk 01:30:01]} {[%emt 00:01:22]} 5. Bd2 {[%clk 01:25:35]} {[%emt 00:06:35]}
Be7 {[%clk 01:27:47]} {[%emt 00:02:46]} 6. Bg2 {[%clk 01:25:45]} {[%emt
00:00:21]} c6 {[%clk 01:24:11]} {[%emt 00:04:05]} 7. Qc2 {[%clk 01:14:48]}
{[%emt 00:11:27]} O-O {[%clk 01:19:04]} {[%emt 00:05:36]} 8. O-O {[%clk
01:13:59]} {[%emt 00:01:18]} b6 {[%clk 01:17:10]} {[%emt 00:02:26]} 9. Rd1
{[%clk 00:58:07]} {[%emt 00:16:22]} Bb7 {[%clk 01:15:32]} {[%emt 00:02:07]} 10.
Bf4 {[%clk 00:53:07]} {[%emt 00:05:30]} Bd6 {[%clk 01:06:00]} {[%emt 00:10:02]}
11. Bxd6 {[%clk 00:41:11]} {[%emt 00:12:26]} Qxd6 {[%clk 01:06:16]} {[%emt
00:00:14]} 12. Nbd2 {[%clk 00:41:29]} {[%emt 00:00:14]} Nbd7 {[%clk 01:01:38]}
{[%emt 00:05:06]} 13. e4 {[%clk 00:38:43]} {[%emt 00:03:16]} dxe4 {[%clk
00:59:07]} {[%emt 00:03:02]} 14. Nxe4 {[%clk 00:39:02]} {[%emt 00:00:10]} Nxe4
{[%clk 00:58:49]} {[%emt 00:00:49]} 15. Qxe4 {[%clk 00:39:23]} {[%emt
00:00:09]} Qc7 {[%clk 00:58:21]} {[%emt 00:00:56]} 16. Ng5 {[%clk 00:24:58]}
{[%emt 00:14:56]} Nf6 {[%clk 00:56:20]} {[%emt 00:02:32]} 17. Qe5 {[%clk
00:25:13]} {[%emt 00:00:14]} Rac8 {[%clk 00:50:38]} {[%emt 00:06:11]} 18. c5
{[%clk 00:20:26]} {[%emt 00:05:18]} Rfd8 {[%clk 00:41:00]} {[%emt 00:10:06]}
19. Nf3 {[%clk 00:07:10]} {[%emt 00:13:48]} Qxe5 {[%clk 00:26:55]} {[%emt
00:14:34]} 20. Nxe5 {[%clk 00:07:28]} {[%emt 00:00:12]} Nd5 {[%clk 00:25:30]}
{[%emt 00:01:55]} 21. Nc4 {[%clk 00:07:04]} {[%emt 00:00:54]} b5 {[%clk
00:17:17]} {[%emt 00:08:43]} 22. Nd6 {[%clk 00:06:39]} {[%emt 00:00:55]} Rb8
{[%clk 00:16:56]} {[%emt 00:00:50]} 23. Bxd5 {[%clk 00:02:24]} {[%emt
00:04:46]} exd5 {[%clk 00:16:12]} {[%emt 00:01:14]} 24. Re1 {[%clk 00:02:14]}
{[%emt 00:00:39]} Kf8 {[%clk 00:14:39]} {[%emt 00:02:01]} 25. Re3 {[%clk
00:01:38]} {[%emt 00:01:07]} Bc8 {[%clk 00:14:14]} {[%emt 00:00:55]} 26. Rae1
{[%clk 00:00:40]} {[%emt 00:01:29]} Be6 {[%clk 00:13:07]} {[%emt 00:01:37]} 27.
f4 {[%clk 00:00:43]} {[%emt 00:00:27]} g6 {[%clk 00:12:55]} {[%emt 00:00:41]}
28. Kg2 {[%clk 00:00:55]} {[%emt 00:00:19]} h5 {[%clk 00:12:01]} {[%emt
00:01:25]} 29. Kf3 {[%clk 00:00:55]} {[%emt 00:00:29]} a5 {[%clk 00:09:55]}
{[%emt 00:02:35]} 30. Re5 {[%clk 00:00:34]} {[%emt 00:00:52]} Ra8 {[%clk
00:07:56]} {[%emt 00:02:28]} 31. f5 {[%clk 00:00:33]} {[%emt 00:00:32]} gxf5
{[%clk 00:04:25]} {[%emt 00:04:02]} 32. Kf4 {[%clk 00:00:40]} {[%emt 00:00:22]}
Kg7 {[%clk 00:03:06]} {[%emt 00:01:49]} 33. Nxf5+ {[%clk 00:01:00]} {[%emt
00:00:09]} Bxf5 {[%clk 00:03:20]} {[%emt 00:00:16]} 34. Kxf5 {[%clk 00:01:18]}
{[%emt 00:00:12]} Ra7 {[%clk 00:02:13]} {[%emt 00:01:37]} 35. Re7 {[%clk
00:01:25]} {[%emt 00:00:23]} Rxe7 {[%clk 00:02:10]} {[%emt 00:00:33]} 36. Rxe7
{[%clk 00:01:49]} {[%emt 00:00:06]} Rc8 {[%clk 00:02:12]} {[%emt 00:00:28]} 37.
Kg5 {[%clk 00:01:44]} {[%emt 00:00:33]} Rh8 {[%clk 00:01:52]} {[%emt 00:00:50]}
38. h4 {[%clk 00:01:41]} {[%emt 00:00:34]} Rc8 {[%clk 00:01:38]} {[%emt
00:00:44]} 39. Kxh5 {[%clk 00:00:53]} {[%emt 00:01:19]} Kf6 {[%clk 00:01:58]}
{[%emt 00:00:10]} 40. Re3 {[%clk 00:01:18]} {[%emt 00:00:05]} Rg8 {[%clk
00:01:53]} {[%emt 00:00:35]} 41. Rf3+ {[%clk 00:01:41]} {[%emt 00:00:07]} Ke6
{[%clk 00:01:47]} {[%emt 00:00:35]} 42. g4 {[%clk 00:01:33]} {[%emt 00:00:39]}
f6 {[%clk 00:20:54]} {[%emt 00:11:23]} 43. g5 {[%clk 00:28:21]} {[%emt
00:03:42]} f5 {[%clk 00:18:13]} {[%emt 00:03:11]} 44. Rf4 {[%clk 00:27:31]}
{[%emt 00:01:20]} Rh8+ {[%clk 00:13:37]} {[%emt 00:05:06]} 45. Kg6 {[%clk
00:27:46]} {[%emt 00:00:15]} Rf8 {[%clk 00:13:37]} {[%emt 00:00:30]} 46. Kg7
{[%clk 00:25:41]} {[%emt 00:02:36]} Rf7+ {[%clk 00:12:46]} {[%emt 00:01:21]}
47. Kg8 {[%clk 00:25:26]} {[%emt 00:00:45]} Ke7 {[%clk 00:12:28]} {[%emt
00:00:49]} 48. g6 {[%clk 00:25:41]} {[%emt 00:00:15]} Rf6 {[%clk 00:12:29]}
{[%emt 00:00:29]} 49. h5 {[%clk 00:25:37]} {[%emt 00:00:34]} Ke6 {[%clk
00:12:25]} {[%emt 00:00:32]} 50. g7 {[%clk 00:24:23]} {[%emt 00:01:46]} Ke7
{[%clk 00:11:46]} {[%emt 00:01:09]} 51. Kh7 {[%clk 00:24:45]} {[%emt 00:00:07]}
Rf7 {[%clk 00:12:08]} {[%emt 00:00:09]} 52. Kh8 {[%clk 00:24:35]} {[%emt
00:00:40]} 1-0

[Event "DVM U14 2023"]
[Site "Magdeburg GER"]
[Date "2023.12.27"]
[Round "1"]
[White "Kalinski, Jan"]
[Black "Gärtner, Alessandro"]
[Result "0-1"]
[Termination "normal"]
[Board "8.2"]
[WhiteElo "1507"]
[BlackElo "1660"]
[WhiteClock "00:30:37"]
[BlackClock "00:03:11"]
[WhiteTeam "SC Viernheim 1934"]
[BlackTeam "Schachzentrum Bemerode"]
[PlyCount "89"]
[WhiteFideId "34660615"]
[BlackFideId "16268024"]
[EventCountry "GER"]
[EventRounds "7"]
[EventType "team-swiss"]
[EventDate "2023.12.26"]

1. c4 {[%clk 01:30:58]} {[%emt 00:00:02]} e6 {[%clk 01:30:17]} {[%emt
00:00:42]} 2. Nc3 {[%clk 01:31:04]} {[%emt 00:00:24]} Nf6 {[%clk 01:30:04]}
{[%emt 00:00:43]} 3. g3 {[%clk 01:30:07]} {[%emt 00:01:27]} d5 {[%clk
01:29:56]} {[%emt 00:00:39]} 4. cxd5 {[%clk 01:28:41]} {[%emt 00:01:56]} exd5
{[%clk 01:29:46]} {[%emt 00:00:41]} 5. Bg2 {[%clk 01:24:42]} {[%emt 00:04:28]}
c6 {[%clk 01:29:27]} {[%emt 00:00:49]} 6. d3 {[%clk 01:23:22]} {[%emt
00:01:50]} Be7 {[%clk 01:25:08]} {[%emt 00:04:48]} 7. e4 {[%clk 01:06:56]}
{[%emt 00:16:56]} dxe4 {[%clk 01:21:53]} {[%emt 00:03:45]} 8. dxe4 {[%clk
01:06:42]} {[%emt 00:00:46]} Qxd1+ {[%clk 01:13:07]} {[%emt 00:09:15]} 9. Nxd1
{[%clk 01:06:57]} {[%emt 00:00:14]} Na6 {[%clk 01:12:19]} {[%emt 00:01:18]} 10.
Ne2 {[%clk 01:04:54]} {[%emt 00:02:33]} Nc5 {[%clk 01:11:55]} {[%emt 00:00:55]}
11. f3 {[%clk 01:02:22]} {[%emt 00:03:02]} Nd3+ {[%clk 01:03:39]} {[%emt
00:08:45]} 12. Kd2 {[%clk 01:01:07]} {[%emt 00:01:45]} Nc5 {[%clk 01:02:15]}
{[%emt 00:01:53]} 13. Ne3 {[%clk 00:59:17]} {[%emt 00:02:20]} Be6 {[%clk
00:58:23]} {[%emt 00:04:22]} 14. Nf4 {[%clk 00:56:36]} {[%emt 00:03:12]} O-O-O+
{[%clk 00:54:24]} {[%emt 00:04:29]} 15. Ke2 {[%clk 00:56:43]} {[%emt 00:00:24]}
g5 {[%clk 00:46:54]} {[%emt 00:07:58]} 16. Nxe6 {[%clk 00:56:36]} {[%emt
00:00:36]} Nxe6 {[%clk 00:47:12]} {[%emt 00:00:12]} 17. b3 {[%clk 00:55:27]}
{[%emt 00:01:41]} Bc5 {[%clk 00:38:59]} {[%emt 00:08:42]} 18. Bh3 {[%clk
00:53:05]} {[%emt 00:02:52]} Bd4 {[%clk 00:30:44]} {[%emt 00:08:47]} 19. Rb1
{[%clk 00:52:43]} {[%emt 00:00:50]} Kb8 {[%clk 00:29:54]} {[%emt 00:01:20]} 20.
Bxe6 {[%clk 00:41:53]} {[%emt 00:11:19]} fxe6 {[%clk 00:30:17]} {[%emt
00:00:07]} 21. Bb2 {[%clk 00:41:43]} {[%emt 00:00:40]} Bxb2 {[%clk 00:23:15]}
{[%emt 00:07:33]} 22. Rxb2 {[%clk 00:42:04]} {[%emt 00:00:09]} h5 {[%clk
00:23:35]} {[%emt 00:00:09]} 23. e5 {[%clk 00:40:57]} {[%emt 00:01:37]} Nd7
{[%clk 00:19:09]} {[%emt 00:04:56]} 24. f4 {[%clk 00:40:31]} {[%emt 00:00:57]}
Nc5 {[%clk 00:11:28]} {[%emt 00:08:12]} 25. Kf3 {[%clk 00:37:24]} {[%emt
00:03:37]} Rhf8 {[%clk 00:10:44]} {[%emt 00:01:14]} 26. Rd1 {[%clk 00:36:31]}
{[%emt 00:01:23]} Rxd1 {[%clk 00:09:08]} {[%emt 00:02:07]} 27. Nxd1 {[%clk
00:36:50]} {[%emt 00:00:10]} gxf4 {[%clk 00:08:58]} {[%emt 00:00:40]} 28. Nf2
{[%clk 00:31:32]} {[%emt 00:05:48]} fxg3+ {[%clk 00:08:22]} {[%emt 00:01:06]}
29. Kxg3 {[%clk 00:31:53]} {[%emt 00:00:09]} Rf5 {[%clk 00:06:10]} {[%emt
00:02:42]} 30. Re2 {[%clk 00:32:05]} {[%emt 00:00:19]} a5 {[%clk 00:05:49]}
{[%emt 00:00:50]} 31. Re3 {[%clk 00:29:42]} {[%emt 00:02:52]} b5 {[%clk
00:04:33]} {[%emt 00:01:47]} 32. a3 {[%clk 00:29:30]} {[%emt 00:00:42]} b4
{[%clk 00:04:06]} {[%emt 00:00:58]} 33. axb4 {[%clk 00:29:39]} {[%emt
00:00:20]} axb4 {[%clk 00:04:30]} {[%emt 00:00:06]} 34. h3 {[%clk 00:29:42]}
{[%emt 00:00:27]} Kb7 {[%clk 00:04:29]} {[%emt 00:00:31]} 35. Kg2 {[%clk
00:29:36]} {[%emt 00:00:36]} Kb6 {[%clk 00:04:31]} {[%emt 00:00:27]} 36. Kg3
{[%clk 00:29:53]} {[%emt 00:00:13]} Nd7 {[%clk 00:03:11]} {[%emt 00:01:50]} 37.
Nd3 {[%clk 00:30:15]} {[%emt 00:00:08]} Kb5 {[%clk 00:03:09]} {[%emt 00:00:33]}
38. Re4 {[%clk 00:30:28]} {[%emt 00:00:15]} c5 {[%clk 00:03:13]} {[%emt
00:00:26]} 39. h4 {[%clk 00:30:38]} {[%emt 00:00:20]} Kc6 {[%clk 00:03:09]}
{[%emt 00:00:34]} 40. Nf4 {[%clk 00:30:22]} {[%emt 00:00:46]} Nxe5 {[%clk
00:02:38]} {[%emt 00:01:01]} 41. Nxe6 {[%clk 00:30:19]} {[%emt 00:00:33]} Kd5
{[%clk 00:02:54]} {[%emt 00:00:15]} 42. Nxc5 {[%clk 00:29:31]} {[%emt
00:01:17]} Kxc5 {[%clk 00:03:05]} {[%emt 00:00:19]} 43. Rf4 {[%clk 00:29:56]}
{[%emt 00:00:05]} Rxf4 {[%clk 00:03:03]} {[%emt 00:00:33]} 44. Kxf4 {[%clk
00:30:16]} {[%emt 00:00:10]} Ng6+ {[%clk 00:03:11]} {[%emt 00:00:22]} 45. Kg5
{[%clk 00:30:37]} {[%emt 00:00:09]} 0-1

[Event "DVM U14 2023"]
[Site "Magdeburg GER"]
[Date "2023.12.27"]
[Round "1"]
[White "Lavrov, Nikolay"]
[Black "Zhu, Timo Kaiheng"]
[Result "1-0"]
[Termination "normal"]
[Board "8.3"]
[WhiteElo "1607"]
[BlackElo "1463"]
[WhiteClock "00:12:58"]
[BlackClock "00:57:37"]
[WhiteTeam "Schachzentrum Bemerode"]
[BlackTeam "SC Viernheim 1934"]
[PlyCount "77"]
[WhiteFideId "34617701"]
[BlackFideId "34655670"]
[EventCountry "GER"]
[EventRounds "7"]
[EventType "team-swiss"]
[EventDate "2023.12.26"]

1. e4 {[%clk 01:30:58]} {[%emt 08:37:54]} c6 {[%clk 01:30:57]} {[%emt
00:00:02]} 2. d4 {[%clk 01:31:22]} {[%emt 00:00:07]} d5 {[%clk 01:31:22]}
{[%emt 00:00:05]} 3. Nc3 {[%clk 01:31:49]} {[%emt 00:00:03]} dxe4 {[%clk
01:31:48]} {[%emt 00:00:05]} 4. Nxe4 {[%clk 01:32:17]} {[%emt 00:00:02]} Bf5
{[%clk 01:31:59]} {[%emt 00:00:18]} 5. Ng3 {[%clk 01:32:41]} {[%emt 00:00:07]}
Bg6 {[%clk 01:32:21]} {[%emt 00:00:07]} 6. Nf3 {[%clk 01:33:02]} {[%emt
00:00:09]} Nd7 {[%clk 01:32:08]} {[%emt 00:00:43]} 7. h4 {[%clk 01:33:25]}
{[%emt 00:00:08]} h5 {[%clk 01:32:10]} {[%emt 00:00:27]} 8. Bd3 {[%clk
01:33:33]} {[%emt 00:00:22]} Bxd3 {[%clk 01:32:26]} {[%emt 00:00:14]} 9. Qxd3
{[%clk 01:33:53]} {[%emt 00:00:10]} e6 {[%clk 01:32:38]} {[%emt 00:00:18]} 10.
Bf4 {[%clk 01:30:43]} {[%emt 00:03:40]} Ngf6 {[%clk 01:32:07]} {[%emt
00:01:03]} 11. O-O-O {[%clk 01:18:48]} {[%emt 00:12:24]} Nd5 {[%clk 01:29:06]}
{[%emt 00:03:30]} 12. Bd2 {[%clk 01:15:05]} {[%emt 00:04:14]} b5 {[%clk
01:28:44]} {[%emt 00:00:53]} 13. Ne4 {[%clk 01:08:43]} {[%emt 00:06:51]} a5
{[%clk 01:28:02]} {[%emt 00:01:13]} 14. Rde1 {[%clk 01:02:57]} {[%emt
00:06:16]} b4 {[%clk 01:26:10]} {[%emt 00:02:23]} 15. Neg5 {[%clk 01:01:53]}
{[%emt 00:01:33]} Qe7 {[%clk 01:25:34]} {[%emt 00:01:05]} 16. Nxf7 {[%clk
00:44:58]} {[%emt 00:17:27]} Kxf7 {[%clk 01:21:03]} {[%emt 00:05:01]} 17. Ng5+
{[%clk 00:45:08]} {[%emt 00:00:20]} Kg8 {[%clk 01:21:02]} {[%emt 00:00:29]} 18.
Rxe6 {[%clk 00:44:19]} {[%emt 00:01:21]} Qd8 {[%clk 01:19:30]} {[%emt
00:02:01]} 19. Qg6 {[%clk 00:40:10]} {[%emt 00:04:40]} Ne5 {[%clk 01:17:20]}
{[%emt 00:02:41]} 20. Rxe5 {[%clk 00:35:38]} {[%emt 00:05:01]} Qd7 {[%clk
01:17:25]} {[%emt 00:00:22]} 21. Qe6+ {[%clk 00:35:21]} {[%emt 00:00:48]} Qxe6
{[%clk 01:17:43]} {[%emt 00:00:13]} 22. Rxe6 {[%clk 00:35:26]} {[%emt
00:00:24]} Rc8 {[%clk 01:17:19]} {[%emt 00:00:53]} 23. Rhe1 {[%clk 00:35:02]}
{[%emt 00:00:56]} Nf6 {[%clk 01:16:55]} {[%emt 00:00:52]} 24. f3 {[%clk
00:34:21]} {[%emt 00:01:12]} c5 {[%clk 01:16:07]} {[%emt 00:01:19]} 25. Be3
{[%clk 00:31:54]} {[%emt 00:02:56]} c4 {[%clk 01:15:35]} {[%emt 00:01:02]} 26.
Ra6 {[%clk 00:30:00]} {[%emt 00:02:24]} b3 {[%clk 01:15:14]} {[%emt 00:00:52]}
27. axb3 {[%clk 00:28:25]} {[%emt 00:02:06]} cxb3 {[%clk 01:15:38]} {[%emt
00:00:04]} 28. c3 {[%clk 00:28:28]} {[%emt 00:00:26]} Nd5 {[%clk 01:14:37]}
{[%emt 00:01:31]} 29. Kb1 {[%clk 00:20:07]} {[%emt 00:08:51]} Be7 {[%clk
01:08:53]} {[%emt 00:06:14]} 30. Rxa5 {[%clk 00:18:37]} {[%emt 00:02:01]} Nb4
{[%clk 01:08:51]} {[%emt 00:00:32]} 31. Rb5 {[%clk 00:16:10]} {[%emt 00:02:57]}
Nc2 {[%clk 01:08:42]} {[%emt 00:00:39]} 32. Re2 {[%clk 00:14:53]} {[%emt
00:01:46]} Na3+ {[%clk 00:59:07]} {[%emt 00:10:06]} 33. bxa3 {[%clk 00:14:31]}
{[%emt 00:00:52]} Rxc3 {[%clk 00:59:24]} {[%emt 00:00:14]} 34. Bd2 {[%clk
00:13:26]} {[%emt 00:01:34]} Rc7 {[%clk 00:59:15]} {[%emt 00:00:38]} 35. Rb8+
{[%clk 00:13:41]} {[%emt 00:00:16]} Bf8 {[%clk 00:59:12]} {[%emt 00:00:34]} 36.
Bb4 {[%clk 00:13:30]} {[%emt 00:00:40]} g6 {[%clk 00:58:08]} {[%emt 00:01:34]}
37. Bxf8 {[%clk 00:12:58]} {[%emt 00:01:02]} Rf7 {[%clk 00:57:20]} {[%emt
00:01:18]} 38. Bh6+ {[%clk 00:13:09]} {[%emt 00:00:18]} Rf8 {[%clk 00:57:37]}
{[%emt 00:00:14]} 39. Rxf8# {[%clk 00:12:58]} {[%emt 00:00:08]} 1-0

[Event "DVM U14 2023"]
[Site "Magdeburg GER"]
[Date "2023.12.27"]
[Round "1"]
[White "Marschall, Julian"]
[Black "Niazai, Muhammad"]
[Result "0-1"]
[Termination "normal"]
[Board "8.4"]
[WhiteElo "1324"]
[BlackElo "1462"]
[WhiteClock "00:01:52"]
[BlackClock "00:34:14"]
[WhiteTeam "SC Viernheim 1934"]
[BlackTeam "Schachzentrum Bemerode"]
[PlyCount "112"]
[WhiteFideId "34608001"]
[BlackFideId "34681701"]
[EventCountry "GER"]
[EventRounds "7"]
[EventType "team-swiss"]
[EventDate "2023.12.26"]

1. c4 {[%clk 01:30:57]} {[%emt 00:00:03]} Nf6 {[%clk 01:30:52]} {[%emt
00:00:08]} 2. g3 {[%clk 01:31:14]} {[%emt 00:00:13]} g6 {[%clk 01:31:14]}
{[%emt 00:00:08]} 3. Bg2 {[%clk 01:31:28]} {[%emt 00:00:15]} Bg7 {[%clk
01:31:21]} {[%emt 00:00:23]} 4. Nc3 {[%clk 01:31:37]} {[%emt 00:00:21]} O-O
{[%clk 01:31:05]} {[%emt 00:00:47]} 5. Nf3 {[%clk 01:31:33]} {[%emt 00:00:34]}
c6 {[%clk 01:31:26]} {[%emt 00:00:08]} 6. O-O {[%clk 01:31:06]} {[%emt
00:00:56]} d5 {[%clk 01:31:23]} {[%emt 00:00:34]} 7. d3 {[%clk 01:27:42]}
{[%emt 00:03:54]} Be6 {[%clk 01:26:17]} {[%emt 00:05:36]} 8. cxd5 {[%clk
01:22:40]} {[%emt 00:05:31]} Nxd5 {[%clk 01:24:07]} {[%emt 00:02:41]} 9. Qc2
{[%clk 01:19:30]} {[%emt 00:03:39]} Na6 {[%clk 01:16:23]} {[%emt 00:08:15]} 10.
a3 {[%clk 01:17:53]} {[%emt 00:02:06]} Nc5 {[%clk 01:08:17]} {[%emt 00:08:35]}
11. d4 {[%clk 01:00:07]} {[%emt 00:18:16]} Nxc3 {[%clk 01:04:47]} {[%emt
00:04:00]} 12. bxc3 {[%clk 00:59:06]} {[%emt 00:01:30]} Bf5 {[%clk 01:03:19]}
{[%emt 00:01:59]} 13. Qb2 {[%clk 00:56:29]} {[%emt 00:03:07]} Na4 {[%clk
01:01:55]} {[%emt 00:01:53]} 14. Qb4 {[%clk 00:54:51]} {[%emt 00:02:09]} b5
{[%clk 00:59:38]} {[%emt 00:02:47]} 15. Bf4 {[%clk 00:52:40]} {[%emt 00:02:41]}
Bc2 {[%clk 00:54:58]} {[%emt 00:05:12]} 16. c4 {[%clk 00:47:28]} {[%emt
00:05:40]} c5 {[%clk 00:50:47]} {[%emt 00:04:40]} 17. Qd2 {[%clk 00:46:33]}
{[%emt 00:01:24]} Be4 {[%clk 00:49:58]} {[%emt 00:01:20]} 18. cxb5 {[%clk
00:45:27]} {[%emt 00:01:38]} cxd4 {[%clk 00:49:38]} {[%emt 00:00:49]} 19. Rad1
{[%clk 00:43:23]} {[%emt 00:02:34]} Nc3 {[%clk 00:44:28]} {[%emt 00:05:40]} 20.
Nxd4 {[%clk 00:25:48]} {[%emt 00:18:06]} Bxg2 {[%clk 00:44:44]} {[%emt
00:00:11]} 21. Kxg2 {[%clk 00:25:46]} {[%emt 00:00:31]} Nxd1 {[%clk 00:42:57]}
{[%emt 00:02:18]} 22. Rxd1 {[%clk 00:26:06]} {[%emt 00:00:09]} e5 {[%clk
00:42:00]} {[%emt 00:01:27]} 23. Nc6 {[%clk 00:24:02]} {[%emt 00:02:34]} Qb6
{[%clk 00:38:59]} {[%emt 00:03:31]} 24. Nxe5 {[%clk 00:21:13]} {[%emt
00:03:18]} Qxb5 {[%clk 00:38:13]} {[%emt 00:01:17]} 25. Nf3 {[%clk 00:17:40]}
{[%emt 00:04:02]} Qb2 {[%clk 00:35:00]} {[%emt 00:03:44]} 26. Qd3 {[%clk
00:14:11]} {[%emt 00:04:00]} Qb6 {[%clk 00:33:11]} {[%emt 00:02:18]} 27. Rb1
{[%clk 00:12:25]} {[%emt 00:02:16]} Rad8 {[%clk 00:31:43]} {[%emt 00:01:58]}
28. Qc2 {[%clk 00:11:34]} {[%emt 00:01:21]} Rc8 {[%clk 00:31:23]} {[%emt
00:00:50]} 29. Qd3 {[%clk 00:09:59]} {[%emt 00:02:04]} Rfd8 {[%clk 00:30:48]}
{[%emt 00:01:06]} 30. Rxb6 {[%clk 00:09:28]} {[%emt 00:01:02]} Rxd3 {[%clk
00:31:07]} {[%emt 00:00:11]} 31. exd3 {[%clk 00:08:50]} {[%emt 00:01:07]} axb6
{[%clk 00:31:31]} {[%emt 00:00:07]} 32. Be3 {[%clk 00:07:27]} {[%emt 00:01:53]}
b5 {[%clk 00:30:42]} {[%emt 00:01:19]} 33. d4 {[%clk 00:07:22]} {[%emt
00:00:34]} Rc3 {[%clk 00:30:11]} {[%emt 00:01:01]} 34. d5 {[%clk 00:06:57]}
{[%emt 00:00:56]} Rd3 {[%clk 00:30:20]} {[%emt 00:00:20]} 35. Bc5 {[%clk
00:05:51]} {[%emt 00:01:36]} Rxd5 {[%clk 00:30:26]} {[%emt 00:00:24]} 36. Bb4
{[%clk 00:06:00]} {[%emt 00:00:21]} Bf8 {[%clk 00:30:46]} {[%emt 00:00:10]} 37.
Nh4 {[%clk 00:05:08]} {[%emt 00:01:21]} Bxb4 {[%clk 00:30:04]} {[%emt
00:01:12]} 38. axb4 {[%clk 00:05:30]} {[%emt 00:00:08]} Rd4 {[%clk 00:30:28]}
{[%emt 00:00:07]} 39. Kh3 {[%clk 00:04:12]} {[%emt 00:01:47]} Rxb4 {[%clk
00:30:46]} {[%emt 00:00:12]} 40. Nf3 {[%clk 00:03:02]} {[%emt 00:01:40]} Rb2
{[%clk 00:30:40]} {[%emt 00:00:36]} 41. Kg2 {[%clk 00:02:54]} {[%emt 00:00:38]}
b4 {[%clk 00:30:40]} {[%emt 00:00:30]} 42. Nd4 {[%clk 00:02:54]} {[%emt
00:00:29]} Rd2 {[%clk 00:30:54]} {[%emt 00:00:17]} 43. Nb3 {[%clk 00:02:59]}
{[%emt 00:00:24]} Rd3 {[%clk 00:30:54]} {[%emt 00:00:30]} 44. Nc1 {[%clk
00:02:52]} {[%emt 00:00:37]} Ra3 {[%clk 00:31:11]} {[%emt 00:00:12]} 45. Kh3
{[%clk 00:02:16]} {[%emt 00:01:06]} b3 {[%clk 00:31:29]} {[%emt 00:00:12]} 46.
Nxb3 {[%clk 00:02:06]} {[%emt 00:00:40]} Rxb3 {[%clk 00:31:54]} {[%emt
00:00:05]} 47. Kg4 {[%clk 00:02:11]} {[%emt 00:00:25]} Kg7 {[%clk 00:32:16]}
{[%emt 00:00:09]} 48. f4 {[%clk 00:01:47]} {[%emt 00:00:54]} h5+ {[%clk
00:32:07]} {[%emt 00:00:39]} 49. Kh4 {[%clk 00:01:38]} {[%emt 00:00:39]} Kh6
{[%clk 00:32:10]} {[%emt 00:00:27]} 50. Kh3 {[%clk 00:01:23]} {[%emt 00:00:45]}
g5 {[%clk 00:32:23]} {[%emt 00:00:17]} 51. fxg5+ {[%clk 00:01:36]} {[%emt
00:00:17]} Kxg5 {[%clk 00:32:47]} {[%emt 00:00:07]} 52. Kg2 {[%clk 00:01:46]}
{[%emt 00:00:20]} h4 {[%clk 00:33:07]} {[%emt 00:00:10]} 53. gxh4+ {[%clk
00:02:02]} {[%emt 00:00:13]} Kxh4 {[%clk 00:33:33]} {[%emt 00:00:04]} 54. Kh1
{[%clk 00:01:25]} {[%emt 00:01:07]} Kh3 {[%clk 00:33:54]} {[%emt 00:00:10]} 55.
Kg1 {[%clk 00:01:44]} {[%emt 00:00:11]} Rf3 {[%clk 00:34:16]} {[%emt 00:00:08]}
56. Kh1 {[%clk 00:01:52]} {[%emt 00:00:22]} Rf1# {[%clk 00:34:14]} {[%emt
00:00:02]} 0-1